Catálogo público

Livestock Science (Record no. 96356)

MARC details
000 -CABECERA
campo de control de longitud fija 15644cas a22023417a 4500
003 - IDENTIFICADOR DEL NÚMERO DE CONTROL
campo de control CHAP
005 - FECHA Y HORA DE LA ÚLTIMA TRANSACCIÓN
campo de control 20220329143424.0
008 - DATOS DE LONGITUD FIJA--INFORMACIÓN GENERAL
campo de control de longitud fija 001017 - pernn 0 b1Eng d
010 ## - NÚMERO DE CONTROL DE LA BIBLIOTECA DEL CONGRESO
Número de control de LC 96356
011 ## - ENLACE DEL NUMERO DE CONTROL DE LA BIBLIOTECA DEL CONGRESO [OBSOLETO]
Número de control de LC 97328
022 ## - NÚMERO INTERNACIONAL NORMALIZADO PARA PUBLICACIONES SERIADAS
Número Internacional Normalizado para Publicaciones Seriadas 1871-1413
035 ## - NÚMERO DE CONTROL DEL SISTEMA
Número de control de sistema 107992
040 ## - FUENTE DE LA CATALOGACIÓN
Centro/agencia transcriptor CHAP
245 00 - MENCIÓN DE TÍTULO
Título Livestock Science
260 0# - PUBLICACIÓN, DISTRIBUCIÓN, ETC.
Lugar de publicación, distribución, etc. Amsterdam:
Nombre del editor, distribuidor, etc. Elsevier
Fecha de publicación, distribución, etc. 2006-
300 ## - DESCRIPCIÓN FÍSICA
Extensión v.
310 ## - PERIODICIDAD ACTUAL
Periodicidad actual 21 núm. por año
362 0# - FECHAS DE PUBLICACIÓN Y/O DESIGNACIÓN SECUENCIAL
Fecha de publicación y/o designación secuencial v.99 n.1,2006
590 ## - NOTA LOCAL (RLIN)
Nota local BATCH-UPD
Procedencia (VM) [OBSOLETO] 10
Condición del los carretes individuales (VM) [OBSOLETO] 20130110
-- UCH01
-- 0757
590 ## - NOTA LOCAL (RLIN)
Nota local BATCH-UPD
Procedencia (VM) [OBSOLETO] 10
Condición del los carretes individuales (VM) [OBSOLETO] 20130410
-- UCH01
-- 0436
590 ## - NOTA LOCAL (RLIN)
Nota local BATCH-UPD
Procedencia (VM) [OBSOLETO] 10
Condición del los carretes individuales (VM) [OBSOLETO] 20130914
-- UCH01
-- 1504
590 ## - NOTA LOCAL (RLIN)
Nota local CONVERSION
Procedencia (VM) [OBSOLETO] 10
Condición del los carretes individuales (VM) [OBSOLETO] 20130109
-- UCH01
-- 1353
650 14 - PUNTO DE ACCESO ADICIONAL DE MATERIA--TÉRMINO DE MATERIA
Término de materia o nombre geográfico como elemento de entrada Ganadería
Subdivisión general Publicaciones periódicas.
9 (RLIN) 44837
780 ## - ENLACE A UN TÍTULO/ENTRADA ANTERIOR
Título Livestock Production Science
852 #2 - LOCALIZACIÓN
-- ISSUE
Anterior ubicación en estantería 2012-12-17
-- 03
852 #2 - LOCALIZACIÓN
-- ISSUE
Anterior ubicación en estantería 2012-12-17
-- 03
852 #2 - LOCALIZACIÓN
-- ISSUE
Anterior ubicación en estantería 2012-12-17
-- 03
852 #2 - LOCALIZACIÓN
-- ISSUE
Anterior ubicación en estantería 2012-12-17
-- 03
852 #2 - LOCALIZACIÓN
-- ISSUE
Anterior ubicación en estantería 2012-12-17
-- 03
852 #2 - LOCALIZACIÓN
-- ISSUE
Anterior ubicación en estantería 2012-12-17
-- 03
852 #2 - LOCALIZACIÓN
-- ISSUE
Anterior ubicación en estantería 2012-12-17
-- 03
852 #2 - LOCALIZACIÓN
-- ISSUE
Anterior ubicación en estantería 2012-12-17
-- 03
852 #2 - LOCALIZACIÓN
-- ISSUE
Anterior ubicación en estantería 2012-12-17
-- 03
852 #2 - LOCALIZACIÓN
-- ISSUE
Anterior ubicación en estantería 2012-12-17
-- 03
852 #2 - LOCALIZACIÓN
-- ISSUE
Anterior ubicación en estantería 2012-12-17
-- 03
852 #2 - LOCALIZACIÓN
-- ISSUE
Anterior ubicación en estantería 2012-12-17
-- 03
852 #2 - LOCALIZACIÓN
-- ISSUE
Anterior ubicación en estantería 2012-12-17
-- 03
852 #2 - LOCALIZACIÓN
-- ISSUE
Anterior ubicación en estantería 2012-12-17
-- 03
852 #2 - LOCALIZACIÓN
-- ISSUE
Anterior ubicación en estantería 2012-12-17
-- 03
852 #2 - LOCALIZACIÓN
-- ISSUE
Anterior ubicación en estantería 2012-12-17
-- 03
852 #2 - LOCALIZACIÓN
-- ISSUE
Anterior ubicación en estantería 2012-12-17
-- 03
852 #2 - LOCALIZACIÓN
-- ISSUE
Anterior ubicación en estantería 2012-12-17
-- 03
852 #2 - LOCALIZACIÓN
-- ISSUE
Anterior ubicación en estantería 2012-12-17
-- 03
852 #2 - LOCALIZACIÓN
-- ISSUE
Anterior ubicación en estantería 2012-12-17
-- 03
852 #2 - LOCALIZACIÓN
-- ISSUE
Anterior ubicación en estantería 2012-12-17
-- 03
852 #2 - LOCALIZACIÓN
-- ISSUE
Anterior ubicación en estantería 2012-12-17
-- 03
852 #2 - LOCALIZACIÓN
-- ISSUE
Anterior ubicación en estantería 2012-12-17
-- 03
852 #2 - LOCALIZACIÓN
-- ISSUE
Anterior ubicación en estantería 2012-12-17
-- 03
852 #2 - LOCALIZACIÓN
-- ISSUE
Anterior ubicación en estantería 2012-12-17
-- 03
852 #2 - LOCALIZACIÓN
-- ISSUE
Anterior ubicación en estantería 2012-12-17
-- 03
852 #2 - LOCALIZACIÓN
-- ISSUE
Anterior ubicación en estantería 2012-12-17
-- 03
852 #2 - LOCALIZACIÓN
-- ISSUE
Anterior ubicación en estantería 2012-12-17
-- 03
852 #2 - LOCALIZACIÓN
-- ISSUE
Anterior ubicación en estantería 2012-12-17
-- 03
852 #2 - LOCALIZACIÓN
-- ISSUE
Anterior ubicación en estantería 2012-12-17
-- 03
852 #2 - LOCALIZACIÓN
-- ISSUE
Anterior ubicación en estantería 2012-12-17
-- 03
852 #2 - LOCALIZACIÓN
-- ISSUE
Anterior ubicación en estantería 2012-12-17
-- 03
852 #2 - LOCALIZACIÓN
-- ISSUE
Anterior ubicación en estantería 2012-12-17
-- 03
852 #2 - LOCALIZACIÓN
-- ISSUE
Anterior ubicación en estantería 2012-12-17
-- 03
852 #2 - LOCALIZACIÓN
-- ISSUE
Anterior ubicación en estantería 2012-12-17
-- 03
852 #2 - LOCALIZACIÓN
-- ISSUE
Anterior ubicación en estantería 2012-12-17
-- 03
852 #2 - LOCALIZACIÓN
-- ISSUE
Anterior ubicación en estantería 2012-12-17
-- 03
852 #2 - LOCALIZACIÓN
-- ISSUE
Anterior ubicación en estantería 2012-12-17
-- 03
852 #2 - LOCALIZACIÓN
-- ISSUE
Anterior ubicación en estantería 2012-12-17
-- 03
852 #2 - LOCALIZACIÓN
-- ISSUE
Anterior ubicación en estantería 2012-12-17
-- 03
852 #2 - LOCALIZACIÓN
-- ISSUE
Anterior ubicación en estantería 2012-12-17
-- 03
852 #2 - LOCALIZACIÓN
-- ISSUE
Anterior ubicación en estantería 2012-12-17
-- 03
852 #2 - LOCALIZACIÓN
-- ISSUE
Anterior ubicación en estantería 2012-12-17
-- 03
852 #2 - LOCALIZACIÓN
-- ISSUE
Anterior ubicación en estantería 2012-12-17
-- 03
852 #2 - LOCALIZACIÓN
-- ISSUE
Anterior ubicación en estantería 2012-12-17
-- 03
852 #2 - LOCALIZACIÓN
-- ISSUE
Anterior ubicación en estantería 2012-12-17
-- 03
852 #2 - LOCALIZACIÓN
-- ISSUE
Anterior ubicación en estantería 2012-12-17
-- 03
852 #2 - LOCALIZACIÓN
-- ISSUE
Anterior ubicación en estantería 2012-12-17
-- 03
852 #2 - LOCALIZACIÓN
-- ISSUE
Anterior ubicación en estantería 2012-12-17
-- 03
852 #2 - LOCALIZACIÓN
-- ISSUE
Anterior ubicación en estantería 2012-12-17
-- 03
852 #2 - LOCALIZACIÓN
-- ISSUE
Anterior ubicación en estantería 2012-12-17
-- 03
852 #2 - LOCALIZACIÓN
-- ISSUE
Anterior ubicación en estantería 2012-12-17
-- 03
852 #2 - LOCALIZACIÓN
-- ISSUE
Anterior ubicación en estantería 2012-12-17
-- 03
852 #2 - LOCALIZACIÓN
-- ISSUE
Anterior ubicación en estantería 2012-12-17
-- 03
852 #2 - LOCALIZACIÓN
-- ISSUE
Anterior ubicación en estantería 2012-12-17
-- 03
852 #2 - LOCALIZACIÓN
-- ISSUE
Anterior ubicación en estantería 2012-12-17
-- 03
852 #2 - LOCALIZACIÓN
-- ISSUE
Anterior ubicación en estantería 2012-12-17
-- 03
852 #2 - LOCALIZACIÓN
-- ISSUE
Anterior ubicación en estantería 2012-12-17
-- 03
852 #2 - LOCALIZACIÓN
-- ISSUE
Anterior ubicación en estantería 2012-12-17
-- 03
852 #2 - LOCALIZACIÓN
-- ISSUE
Anterior ubicación en estantería 2012-12-17
-- 03
852 #2 - LOCALIZACIÓN
-- ISSUE
Anterior ubicación en estantería 2012-12-17
-- 03
852 #2 - LOCALIZACIÓN
-- ISSUE
Anterior ubicación en estantería 2012-12-17
-- 03
852 #2 - LOCALIZACIÓN
-- ISSUE
Anterior ubicación en estantería 2012-12-17
-- 03
852 #2 - LOCALIZACIÓN
-- ISSUE
Anterior ubicación en estantería 2012-12-17
-- 03
852 #2 - LOCALIZACIÓN
-- ISSUE
Anterior ubicación en estantería 2012-12-17
-- 03
852 #2 - LOCALIZACIÓN
-- ISSUE
Anterior ubicación en estantería 2012-12-17
-- 03
852 #2 - LOCALIZACIÓN
-- ISSUE
Anterior ubicación en estantería 2012-12-17
-- 03
852 #2 - LOCALIZACIÓN
-- ISSUE
Anterior ubicación en estantería 2012-12-17
-- 03
852 #2 - LOCALIZACIÓN
-- ISSUE
Anterior ubicación en estantería 2012-12-17
-- 03
852 #2 - LOCALIZACIÓN
-- ISSUE
Anterior ubicación en estantería 2012-12-17
-- 03
852 #2 - LOCALIZACIÓN
-- ISSUE
Anterior ubicación en estantería 2012-12-17
-- 03
852 #2 - LOCALIZACIÓN
-- ISSUE
Anterior ubicación en estantería 2012-12-17
-- 03
852 #2 - LOCALIZACIÓN
-- ISSUE
Anterior ubicación en estantería 2012-12-17
-- 03
852 #2 - LOCALIZACIÓN
-- ISSUE
Anterior ubicación en estantería 2012-12-17
-- 03
852 #2 - LOCALIZACIÓN
-- ISSUE
Anterior ubicación en estantería 2012-12-17
-- 03
852 #2 - LOCALIZACIÓN
-- ISSUE
Anterior ubicación en estantería 2012-12-17
-- 03
852 #2 - LOCALIZACIÓN
-- ISSUE
Anterior ubicación en estantería 2012-12-17
-- 03
852 #2 - LOCALIZACIÓN
-- ISSUE
Anterior ubicación en estantería 2012-12-17
-- 03
852 #2 - LOCALIZACIÓN
-- ISSUE
Anterior ubicación en estantería 2012-12-17
-- 03
852 #2 - LOCALIZACIÓN
-- ISSUE
Anterior ubicación en estantería 2012-12-17
-- 03
852 #2 - LOCALIZACIÓN
-- ISSUE
Anterior ubicación en estantería 2012-12-17
-- 03
852 #2 - LOCALIZACIÓN
-- ISSUE
Anterior ubicación en estantería 2012-12-17
-- 03
852 #2 - LOCALIZACIÓN
-- ISSUE
Anterior ubicación en estantería 2012-12-17
-- 03
852 #2 - LOCALIZACIÓN
-- ISSUE
Anterior ubicación en estantería 2012-12-17
-- 03
866 ## - MENCIÓN TEXTUAL DE FONDOS--UNIDAD BIBLIOGRÁFICA BÁSICA
Cadena textual v. 126 n. 1 (2009) - v. 126 n. 3 (2009)
866 ## - MENCIÓN TEXTUAL DE FONDOS--UNIDAD BIBLIOGRÁFICA BÁSICA
Cadena textual v. 99 n. 1 (2006) - v. 125 n. 3 (2009)
901 ## - ELEMENTOS DE DATOS A LOCAL LDA (RLIN)
a SE
905 ## - ELEMENTOS DE DATOS E LOCAL, LDE (RLIN)
a Araceli Hernández Gómez.
942 ## - ELEMENTOS DE PUNTO DE ACCESO ADICIONAL (KOHA)
Tipo de ítem Koha Publicaciones seriadas
949 ## - PROCESAMIENTO DE INFORMACIÓN LOCAL (OCLC)
b BC
c PS
d 202963
e PS
f v. 99 n. 1 ( 2006)
i 107992
j 99
s n
949 ## - PROCESAMIENTO DE INFORMACIÓN LOCAL (OCLC)
b BC
c PS
d 202964
e PS
f v. 99 n. 2 ( 2006)
i 107992
j 99
s n
949 ## - PROCESAMIENTO DE INFORMACIÓN LOCAL (OCLC)
b BC
c PS
d 202965
e PS
f v. 99 n. 3 ( 2006)
i 107992
j 99
s n
949 ## - PROCESAMIENTO DE INFORMACIÓN LOCAL (OCLC)
b BC
c PS
d 202966
e PS
f v. 100 n. 1 ( 2006)
i 107992
j 100
s n
949 ## - PROCESAMIENTO DE INFORMACIÓN LOCAL (OCLC)
b BC
c PS
d 202967
e PS
f v. 100 n. 2 ( 2006)
i 107992
j 100
s n
949 ## - PROCESAMIENTO DE INFORMACIÓN LOCAL (OCLC)
b BC
c PS
d 202968
e PS
f v. 100 n. 3 ( 2006)
i 107992
j 100
s n
949 ## - PROCESAMIENTO DE INFORMACIÓN LOCAL (OCLC)
b BC
c PS
d 202969
e PS
f v. 101 n. 1 ( 2006)
i 107992
j 101
s n
949 ## - PROCESAMIENTO DE INFORMACIÓN LOCAL (OCLC)
b BC
c PS
d 202970
e PS
f v. 101 n. 2 ( 2006)
i 107992
j 101
s n
949 ## - PROCESAMIENTO DE INFORMACIÓN LOCAL (OCLC)
b BC
c PS
d 202971
e PS
f v. 101 n. 3 ( 2006)
i 107992
j 101
s n
949 ## - PROCESAMIENTO DE INFORMACIÓN LOCAL (OCLC)
b BC
c PS
d 202972
e PS
f v. 102 n. 1 ( 2006)
i 107992
j 102
s n
949 ## - PROCESAMIENTO DE INFORMACIÓN LOCAL (OCLC)
b BC
c PS
d 202973
e PS
f v. 102 n. 2 ( 2006)
i 107992
j 102
s n
949 ## - PROCESAMIENTO DE INFORMACIÓN LOCAL (OCLC)
b BC
c PS
d 202974
e PS
f v. 102 n. 3 ( 2006)
i 107992
j 102
s n
949 ## - PROCESAMIENTO DE INFORMACIÓN LOCAL (OCLC)
b BC
c PS
d 202975
e PS
f v. 103 n. 1 ( 2006)
i 107992
j 103
s n
949 ## - PROCESAMIENTO DE INFORMACIÓN LOCAL (OCLC)
b BC
c PS
d 202976
e PS
f v. 103 n. 2 ( 2006)
i 107992
j 103
s n
949 ## - PROCESAMIENTO DE INFORMACIÓN LOCAL (OCLC)
b BC
c PS
d 202977
e PS
f v. 103 n. 3 ( 2006)
i 107992
j 103
s n
949 ## - PROCESAMIENTO DE INFORMACIÓN LOCAL (OCLC)
b BC
c PS
d 202978
e PS
f v. 104 n. 1 ( 2006)
i 107992
j 104
s n
949 ## - PROCESAMIENTO DE INFORMACIÓN LOCAL (OCLC)
b BC
c PS
d 202979
e PS
f v. 104 n. 2 ( 2006)
i 107992
j 104
s n
949 ## - PROCESAMIENTO DE INFORMACIÓN LOCAL (OCLC)
b BC
c PS
d 202980
e PS
f v. 104 n. 3 ( 2006)
i 107992
j 104
s n
949 ## - PROCESAMIENTO DE INFORMACIÓN LOCAL (OCLC)
b BC
c PS
d 202981
e PS
f v. 105 n. 1 ( 2006)
i 107992
j 105
s n
949 ## - PROCESAMIENTO DE INFORMACIÓN LOCAL (OCLC)
b BC
c PS
d 202982
e PS
f v. 105 n. 2 ( 2006)
i 107992
j 105
s n
949 ## - PROCESAMIENTO DE INFORMACIÓN LOCAL (OCLC)
b BC
c PS
d 202983
e PS
f v. 105 n. 3 ( 2006)
i 107992
j 105
s n
949 ## - PROCESAMIENTO DE INFORMACIÓN LOCAL (OCLC)
b BC
c PS
d 202984
e PS
f v. 106 n. 1 ( 2006)
i 107992
j 106
s n
949 ## - PROCESAMIENTO DE INFORMACIÓN LOCAL (OCLC)
b BC
c PS
d 202985
e PS
f v. 106 n. 2 ( 2006)
i 107992
j 106
s n
949 ## - PROCESAMIENTO DE INFORMACIÓN LOCAL (OCLC)
b BC
c PS
d 202986
e PS
f v. 106 n. 3 ( 2006)
i 107992
j 106
s n
949 ## - PROCESAMIENTO DE INFORMACIÓN LOCAL (OCLC)
b BC
c PS
d 202987
e PS
f v. 107 n. 1 ( 2006)
i 107992
j 107
s n
949 ## - PROCESAMIENTO DE INFORMACIÓN LOCAL (OCLC)
b BC
c PS
d 202988
e PS
f v. 107 n. 2 ( 2006)
i 107992
j 107
s n
949 ## - PROCESAMIENTO DE INFORMACIÓN LOCAL (OCLC)
b BC
c PS
d 202989
e PS
f v. 107 n. 3 ( 2006)
i 107992
j 107
s n
949 ## - PROCESAMIENTO DE INFORMACIÓN LOCAL (OCLC)
b BC
c PS
d 202990
e PS
f v. 108 n. 1 ( 2006)
i 107992
j 108
s n
949 ## - PROCESAMIENTO DE INFORMACIÓN LOCAL (OCLC)
b BC
c PS
d 202991
e PS
f v. 108 n. 2 ( 2006)
i 107992
j 108
s n
949 ## - PROCESAMIENTO DE INFORMACIÓN LOCAL (OCLC)
b BC
c PS
d 202992
e PS
f v. 108 n. 3 ( 2006)
i 107992
j 108
s n
949 ## - PROCESAMIENTO DE INFORMACIÓN LOCAL (OCLC)
b BC
c PS
d 202993
e PS
f v. 109 n. 1 ( 2006)
i 107992
j 109
s n
949 ## - PROCESAMIENTO DE INFORMACIÓN LOCAL (OCLC)
b BC
c PS
d 202994
e PS
f v. 109 n. 2 ( 2006)
i 107992
j 109
s n
949 ## - PROCESAMIENTO DE INFORMACIÓN LOCAL (OCLC)
b BC
c PS
d 202995
e PS
f v. 109 n. 3 ( 2006)
i 107992
j 109
s n
949 ## - PROCESAMIENTO DE INFORMACIÓN LOCAL (OCLC)
b BC
c PS
d 202996
e PS
f v. 110 n. 1 ( 2006)
i 107992
j 110
s n
949 ## - PROCESAMIENTO DE INFORMACIÓN LOCAL (OCLC)
b BC
c PS
d 202997
e PS
f v. 110 n. 2 ( 2006)
i 107992
j 110
s n
949 ## - PROCESAMIENTO DE INFORMACIÓN LOCAL (OCLC)
b BC
c PS
d 202998
e PS
f v. 110 n. 3 ( 2006)
i 107992
j 110
s n
949 ## - PROCESAMIENTO DE INFORMACIÓN LOCAL (OCLC)
b BC
c PS
d 202999
e PS
f v. 111 n. 1 ( 2006)
i 107992
j 111
s n
949 ## - PROCESAMIENTO DE INFORMACIÓN LOCAL (OCLC)
b BC
c PS
d 203000
e PS
f v. 111 n. 2 ( 2006)
i 107992
j 111
s n
949 ## - PROCESAMIENTO DE INFORMACIÓN LOCAL (OCLC)
b BC
c PS
d 203001
e PS
f v. 111 n. 3 ( 2006)
i 107992
j 111
s n
949 ## - PROCESAMIENTO DE INFORMACIÓN LOCAL (OCLC)
b BC
c PS
d 203002
e PS
f v. 112 n. 1 ( 2006)
i 107992
j 112
s n
949 ## - PROCESAMIENTO DE INFORMACIÓN LOCAL (OCLC)
b BC
c PS
d 203003
e PS
f v. 112 n. 2 ( 2006)
i 107992
j 112
s n
949 ## - PROCESAMIENTO DE INFORMACIÓN LOCAL (OCLC)
b BC
c PS
d 203004
e PS
f v. 112 n. 3 ( 2006)
i 107992
j 112
s n
949 ## - PROCESAMIENTO DE INFORMACIÓN LOCAL (OCLC)
b BC
c PS
d 203032
e PS
f v. 113 n. 1 ( 2006)
i 107992
j 113
s n
949 ## - PROCESAMIENTO DE INFORMACIÓN LOCAL (OCLC)
b BC
c PS
d 203033
e PS
f v. 113 n. 2 ( 2006)
i 107992
j 113
s n
949 ## - PROCESAMIENTO DE INFORMACIÓN LOCAL (OCLC)
b BC
c PS
d 203034
e PS
f v. 113 n. 3 ( 2006)
i 107992
j 113
s n
949 ## - PROCESAMIENTO DE INFORMACIÓN LOCAL (OCLC)
b BC
c PS
d 203035
e PS
f v. 114 n. 1 ( 2006)
i 107992
j 114
s n
949 ## - PROCESAMIENTO DE INFORMACIÓN LOCAL (OCLC)
b BC
c PS
d 203036
e PS
f v. 114 n. 2 ( 2006)
i 107992
j 114
s n
949 ## - PROCESAMIENTO DE INFORMACIÓN LOCAL (OCLC)
b BC
c PS
d 203037
e PS
f v. 114 n. 3 ( 2006)
i 107992
j 114
s n
949 ## - PROCESAMIENTO DE INFORMACIÓN LOCAL (OCLC)
b BC
c PS
d 203038
e PS
f v. 115 n. 1 ( 2006)
i 107992
j 115
s n
949 ## - PROCESAMIENTO DE INFORMACIÓN LOCAL (OCLC)
b BC
c PS
d 203039
e PS
f v. 115 n. 2 ( 2006)
i 107992
j 115
s n
949 ## - PROCESAMIENTO DE INFORMACIÓN LOCAL (OCLC)
b BC
c PS
d 203040
e PS
f v. 115 n. 3 ( 2006)
i 107992
j 115
s n
949 ## - PROCESAMIENTO DE INFORMACIÓN LOCAL (OCLC)
b BC
c PS
d 203041
e PS
f v. 116 n. 1 ( 2006)
i 107992
j 116
s n
949 ## - PROCESAMIENTO DE INFORMACIÓN LOCAL (OCLC)
b BC
c PS
d 203042
e PS
f v. 116 n. 2 ( 2006)
i 107992
j 116
s n
949 ## - PROCESAMIENTO DE INFORMACIÓN LOCAL (OCLC)
b BC
c PS
d 203043
e PS
f v. 116 n. 3 ( 2007)
i 107992
j 116
s n
949 ## - PROCESAMIENTO DE INFORMACIÓN LOCAL (OCLC)
b BC
c PS
d 203044
e PS
f v. 117 n. 1 ( 2007)
i 107992
j 117
s n
949 ## - PROCESAMIENTO DE INFORMACIÓN LOCAL (OCLC)
b BC
c PS
d 203045
e PS
f v. 117 n. 2 ( 2007)
i 107992
j 117
s n
949 ## - PROCESAMIENTO DE INFORMACIÓN LOCAL (OCLC)
b BC
c PS
d 203046
e PS
f v. 117 n. 3 ( 2007)
i 107992
j 117
s n
949 ## - PROCESAMIENTO DE INFORMACIÓN LOCAL (OCLC)
b BC
c PS
d 203047
e PS
f v. 118 n. 1 ( 2008)
i 107992
j 118
s n
949 ## - PROCESAMIENTO DE INFORMACIÓN LOCAL (OCLC)
b BC
c PS
d 203048
e PS
f v. 118 n. 2 ( 2008)
i 107992
j 118
s n
949 ## - PROCESAMIENTO DE INFORMACIÓN LOCAL (OCLC)
b BC
c PS
d 203049
e PS
f v. 119 n. 1 ( 2008)
i 107992
j 119
s n
949 ## - PROCESAMIENTO DE INFORMACIÓN LOCAL (OCLC)
b BC
c PS
d 203050
e PS
f v. 119 n. 2 ( 2008)
i 107992
j 119
s n
949 ## - PROCESAMIENTO DE INFORMACIÓN LOCAL (OCLC)
b BC
c PS
d 203051
e PS
f v. 119 n. 3 ( 2008)
i 107992
j 119
s n
949 ## - PROCESAMIENTO DE INFORMACIÓN LOCAL (OCLC)
b BC
c PS
d 203052
e PS
f v. 118 n. 3 ( 2008)
i 107992
j 118
s n
949 ## - PROCESAMIENTO DE INFORMACIÓN LOCAL (OCLC)
b BC
c PS
d 203053
e PS
f v. 122 n. 1 ( 2009)
i 107992
j 122
s n
949 ## - PROCESAMIENTO DE INFORMACIÓN LOCAL (OCLC)
b BC
c PS
d 203214
e PS
f v. 120 n. 3 ( 2009)
i 107992
j 120
s n
949 ## - PROCESAMIENTO DE INFORMACIÓN LOCAL (OCLC)
b BC
c PS
d 203215
e PS
f v. 121 n. 1 ( 2009)
i 107992
j 121
s n
949 ## - PROCESAMIENTO DE INFORMACIÓN LOCAL (OCLC)
b BC
c PS
d 203216
e PS
f v. 121 n. 2 ( 2009)
i 107992
j 121
s n
949 ## - PROCESAMIENTO DE INFORMACIÓN LOCAL (OCLC)
b BC
c PS
d 203217
e PS
f v. 120 n. 1 ( 2009)
i 107992
j 120
s n
949 ## - PROCESAMIENTO DE INFORMACIÓN LOCAL (OCLC)
b BC
c PS
d 203218
e PS
f v. 121 n. 3 ( 2009)
i 107992
j 121
s n
949 ## - PROCESAMIENTO DE INFORMACIÓN LOCAL (OCLC)
b BC
c PS
d 203219
e PS
f v. 122 n. 2 ( 2009)
i 107992
j 122
s n
949 ## - PROCESAMIENTO DE INFORMACIÓN LOCAL (OCLC)
b BC
c PS
d 203220
e PS
f v. 120 n. 2 ( 2009)
i 107992
j 120
s n
949 ## - PROCESAMIENTO DE INFORMACIÓN LOCAL (OCLC)
b BC
c PS
d 203221
e PS
f v. 122 n. 3 ( 2009)
i 107992
j 122
s n
949 ## - PROCESAMIENTO DE INFORMACIÓN LOCAL (OCLC)
b BC
c PS
d 203222
e PS
f v. 123 n. 1 ( 2009)
i 107992
j 123
s n
949 ## - PROCESAMIENTO DE INFORMACIÓN LOCAL (OCLC)
b BC
c PS
d 203267
e PS
f v. 123 n. 2 ( 2009)
i 107992
j 123
s n
949 ## - PROCESAMIENTO DE INFORMACIÓN LOCAL (OCLC)
b BC
c PS
d 203268
e PS
f v. 123 n. 3 ( 2009)
i 107992
j 123
s n
949 ## - PROCESAMIENTO DE INFORMACIÓN LOCAL (OCLC)
b BC
c PS
d 203476
e PS
f v. 124 n. 1 ( 2009)
i 107992
j 124
s n
949 ## - PROCESAMIENTO DE INFORMACIÓN LOCAL (OCLC)
b BC
c PS
d 203477
e PS
f v. 124 n. 2 ( 2009)
i 107992
j 124
s n
949 ## - PROCESAMIENTO DE INFORMACIÓN LOCAL (OCLC)
b BC
c PS
d 203478
e PS
f v. 124 n. 3 ( 2009)
i 107992
j 124
s n
949 ## - PROCESAMIENTO DE INFORMACIÓN LOCAL (OCLC)
b BC
c PS
d 203834
e PS
f v. 125 n. 1 ( 2009)
i 107992
j 125
s n
949 ## - PROCESAMIENTO DE INFORMACIÓN LOCAL (OCLC)
b BC
c PS
d 203982
e PS
f v. 125 n. 2 ( 2009)
i 107992
j 125
s n
949 ## - PROCESAMIENTO DE INFORMACIÓN LOCAL (OCLC)
b BC
c PS
d 203983
e PS
f v. 125 n. 3 ( 2009)
i 107992
j 125
s n
949 ## - PROCESAMIENTO DE INFORMACIÓN LOCAL (OCLC)
b BC
c PS
d 204915
e PS
f v. 126 n. 1 ( 2009)
i 107992
j 126
s n
949 ## - PROCESAMIENTO DE INFORMACIÓN LOCAL (OCLC)
b BC
c PS
d 204916
e PS
f v. 126 n. 2 ( 2009)
i 107992
j 126
s n
949 ## - PROCESAMIENTO DE INFORMACIÓN LOCAL (OCLC)
b BC
c PS
d 204917
e PS
f v. 126 n. 3 ( 2009)
i 107992
j 126
s n
Holdings
Estado de retiro Estado de pérdida Fuente del sistema de clasificación o colocación Estado dañado Restricciones de uso No para préstamo Código de colección Localización permanente Ubicación/localización actual Ubicación en estantería Fecha de adquisición Información codificada de la localización en otra ubicación Total de préstamos Código de barras Fecha visto por última vez Número de copia Precio válido a partir de Tipo de ítem Koha Nota pública
    Clasificación Universidad Autónoma de Chapingo   Préstamo interno   Publicaciones seriadas Biblioteca Central Biblioteca Central Planta baja - Hemeroteca 17/12/2012 ISSUE   202963 31/12/2019 v. 99 n. 1 ( 2006) 17/12/2012 Publicaciones seriadas Recien adquirido
    Clasificación Universidad Autónoma de Chapingo   Préstamo interno   Publicaciones seriadas Biblioteca Central Biblioteca Central Planta baja - Hemeroteca 17/12/2012 ISSUE   202964 31/12/2019 v. 99 n. 2 ( 2006) 17/12/2012 Publicaciones seriadas Recien adquirido
    Clasificación Universidad Autónoma de Chapingo   Préstamo interno   Publicaciones seriadas Biblioteca Central Biblioteca Central Planta baja - Hemeroteca 17/12/2012 ISSUE   202965 31/12/2019 v. 99 n. 3 ( 2006) 17/12/2012 Publicaciones seriadas Recien adquirido
    Clasificación Universidad Autónoma de Chapingo   Préstamo interno   Publicaciones seriadas Biblioteca Central Biblioteca Central Planta baja - Hemeroteca 17/12/2012 ISSUE   202966 31/12/2019 v. 100 n. 1 ( 2006) 17/12/2012 Publicaciones seriadas Recien adquirido
    Clasificación Universidad Autónoma de Chapingo   Préstamo interno   Publicaciones seriadas Biblioteca Central Biblioteca Central Planta baja - Hemeroteca 17/12/2012 ISSUE   202967 31/12/2019 v. 100 n. 2 ( 2006) 17/12/2012 Publicaciones seriadas Recien adquirido
    Clasificación Universidad Autónoma de Chapingo   Préstamo interno   Publicaciones seriadas Biblioteca Central Biblioteca Central Planta baja - Hemeroteca 17/12/2012 ISSUE   202968 31/12/2019 v. 100 n. 3 ( 2006) 17/12/2012 Publicaciones seriadas Recien adquirido
    Clasificación Universidad Autónoma de Chapingo   Préstamo interno   Publicaciones seriadas Biblioteca Central Biblioteca Central Planta baja - Hemeroteca 17/12/2012 ISSUE   202969 31/12/2019 v. 101 n. 1 ( 2006) 17/12/2012 Publicaciones seriadas Recien adquirido
    Clasificación Universidad Autónoma de Chapingo   Préstamo interno   Publicaciones seriadas Biblioteca Central Biblioteca Central Planta baja - Hemeroteca 17/12/2012 ISSUE   202970 31/12/2019 v. 101 n. 2 ( 2006) 17/12/2012 Publicaciones seriadas Recien adquirido
    Clasificación Universidad Autónoma de Chapingo   Préstamo interno   Publicaciones seriadas Biblioteca Central Biblioteca Central Planta baja - Hemeroteca 17/12/2012 ISSUE   202971 31/12/2019 v. 101 n. 3 ( 2006) 17/12/2012 Publicaciones seriadas Recien adquirido
    Clasificación Universidad Autónoma de Chapingo   Préstamo interno   Publicaciones seriadas Biblioteca Central Biblioteca Central Planta baja - Hemeroteca 17/12/2012 ISSUE   202972 31/12/2019 v. 102 n. 1 ( 2006) 17/12/2012 Publicaciones seriadas Recien adquirido
    Clasificación Universidad Autónoma de Chapingo   Préstamo interno   Publicaciones seriadas Biblioteca Central Biblioteca Central Planta baja - Hemeroteca 17/12/2012 ISSUE   202973 31/12/2019 v. 102 n. 2 ( 2006) 17/12/2012 Publicaciones seriadas Recien adquirido
    Clasificación Universidad Autónoma de Chapingo   Préstamo interno   Publicaciones seriadas Biblioteca Central Biblioteca Central Planta baja - Hemeroteca 17/12/2012 ISSUE   202974 31/12/2019 v. 102 n. 3 ( 2006) 17/12/2012 Publicaciones seriadas Recien adquirido
    Clasificación Universidad Autónoma de Chapingo   Préstamo interno   Publicaciones seriadas Biblioteca Central Biblioteca Central Planta baja - Hemeroteca 17/12/2012 ISSUE   202975 31/12/2019 v. 103 n. 1 ( 2006) 17/12/2012 Publicaciones seriadas Recien adquirido
    Clasificación Universidad Autónoma de Chapingo   Préstamo interno   Publicaciones seriadas Biblioteca Central Biblioteca Central Planta baja - Hemeroteca 17/12/2012 ISSUE   202976 31/12/2019 v. 103 n. 2 ( 2006) 17/12/2012 Publicaciones seriadas Recien adquirido
    Clasificación Universidad Autónoma de Chapingo   Préstamo interno   Publicaciones seriadas Biblioteca Central Biblioteca Central Planta baja - Hemeroteca 17/12/2012 ISSUE   202977 31/12/2019 v. 103 n. 3 ( 2006) 17/12/2012 Publicaciones seriadas Recien adquirido
    Clasificación Universidad Autónoma de Chapingo   Préstamo interno   Publicaciones seriadas Biblioteca Central Biblioteca Central Planta baja - Hemeroteca 17/12/2012 ISSUE   202978 31/12/2019 v. 104 n. 1 ( 2006) 17/12/2012 Publicaciones seriadas Recien adquirido
    Clasificación Universidad Autónoma de Chapingo   Préstamo interno   Publicaciones seriadas Biblioteca Central Biblioteca Central Planta baja - Hemeroteca 17/12/2012 ISSUE   202979 31/12/2019 v. 104 n. 2 ( 2006) 17/12/2012 Publicaciones seriadas Recien adquirido
    Clasificación Universidad Autónoma de Chapingo   Préstamo interno   Publicaciones seriadas Biblioteca Central Biblioteca Central Planta baja - Hemeroteca 17/12/2012 ISSUE   202980 31/12/2019 v. 104 n. 3 ( 2006) 17/12/2012 Publicaciones seriadas Recien adquirido
    Clasificación Universidad Autónoma de Chapingo   Préstamo interno   Publicaciones seriadas Biblioteca Central Biblioteca Central Planta baja - Hemeroteca 17/12/2012 ISSUE   202981 31/12/2019 v. 105 n. 1 ( 2006) 17/12/2012 Publicaciones seriadas Recien adquirido
    Clasificación Universidad Autónoma de Chapingo   Préstamo interno   Publicaciones seriadas Biblioteca Central Biblioteca Central Planta baja - Hemeroteca 17/12/2012 ISSUE   202982 31/12/2019 v. 105 n. 2 ( 2006) 17/12/2012 Publicaciones seriadas Recien adquirido
    Clasificación Universidad Autónoma de Chapingo   Préstamo interno   Publicaciones seriadas Biblioteca Central Biblioteca Central Planta baja - Hemeroteca 17/12/2012 ISSUE   202983 31/12/2019 v. 105 n. 3 ( 2006) 17/12/2012 Publicaciones seriadas Recien adquirido
    Clasificación Universidad Autónoma de Chapingo   Préstamo interno   Publicaciones seriadas Biblioteca Central Biblioteca Central Planta baja - Hemeroteca 17/12/2012 ISSUE   202984 31/12/2019 v. 106 n. 1 ( 2006) 17/12/2012 Publicaciones seriadas Recien adquirido
    Clasificación Universidad Autónoma de Chapingo   Préstamo interno   Publicaciones seriadas Biblioteca Central Biblioteca Central Planta baja - Hemeroteca 17/12/2012 ISSUE   202985 31/12/2019 v. 106 n. 2 ( 2006) 17/12/2012 Publicaciones seriadas Recien adquirido
    Clasificación Universidad Autónoma de Chapingo   Préstamo interno   Publicaciones seriadas Biblioteca Central Biblioteca Central Planta baja - Hemeroteca 17/12/2012 ISSUE   202986 31/12/2019 v. 106 n. 3 ( 2006) 17/12/2012 Publicaciones seriadas Recien adquirido
    Clasificación Universidad Autónoma de Chapingo   Préstamo interno   Publicaciones seriadas Biblioteca Central Biblioteca Central Planta baja - Hemeroteca 17/12/2012 ISSUE   202987 31/12/2019 v. 107 n. 1 ( 2006) 17/12/2012 Publicaciones seriadas Recien adquirido
    Clasificación Universidad Autónoma de Chapingo   Préstamo interno   Publicaciones seriadas Biblioteca Central Biblioteca Central Planta baja - Hemeroteca 17/12/2012 ISSUE   202988 31/12/2019 v. 107 n. 2 ( 2006) 17/12/2012 Publicaciones seriadas Recien adquirido
    Clasificación Universidad Autónoma de Chapingo   Préstamo interno   Publicaciones seriadas Biblioteca Central Biblioteca Central Planta baja - Hemeroteca 17/12/2012 ISSUE   202989 31/12/2019 v. 107 n. 3 ( 2006) 17/12/2012 Publicaciones seriadas Recien adquirido
    Clasificación Universidad Autónoma de Chapingo   Préstamo interno   Publicaciones seriadas Biblioteca Central Biblioteca Central Planta baja - Hemeroteca 17/12/2012 ISSUE   202990 31/12/2019 v. 108 n. 1 ( 2006) 17/12/2012 Publicaciones seriadas Recien adquirido
    Clasificación Universidad Autónoma de Chapingo   Préstamo interno   Publicaciones seriadas Biblioteca Central Biblioteca Central Planta baja - Hemeroteca 17/12/2012 ISSUE   202991 31/12/2019 v. 108 n. 2 ( 2006) 17/12/2012 Publicaciones seriadas Recien adquirido
    Clasificación Universidad Autónoma de Chapingo   Préstamo interno   Publicaciones seriadas Biblioteca Central Biblioteca Central Planta baja - Hemeroteca 17/12/2012 ISSUE   202992 31/12/2019 v. 108 n. 3 ( 2006) 17/12/2012 Publicaciones seriadas Recien adquirido
    Clasificación Universidad Autónoma de Chapingo   Préstamo interno   Publicaciones seriadas Biblioteca Central Biblioteca Central Planta baja - Hemeroteca 17/12/2012 ISSUE   202993 31/12/2019 v. 109 n. 1 ( 2006) 17/12/2012 Publicaciones seriadas Recien adquirido
    Clasificación Universidad Autónoma de Chapingo   Préstamo interno   Publicaciones seriadas Biblioteca Central Biblioteca Central Planta baja - Hemeroteca 17/12/2012 ISSUE   202994 31/12/2019 v. 109 n. 2 ( 2006) 17/12/2012 Publicaciones seriadas Recien adquirido
    Clasificación Universidad Autónoma de Chapingo   Préstamo interno   Publicaciones seriadas Biblioteca Central Biblioteca Central Planta baja - Hemeroteca 17/12/2012 ISSUE   202995 31/12/2019 v. 109 n. 3 ( 2006) 17/12/2012 Publicaciones seriadas Recien adquirido
    Clasificación Universidad Autónoma de Chapingo   Préstamo interno   Publicaciones seriadas Biblioteca Central Biblioteca Central Planta baja - Hemeroteca 17/12/2012 ISSUE   202996 31/12/2019 v. 110 n. 1 ( 2006) 17/12/2012 Publicaciones seriadas Recien adquirido
    Clasificación Universidad Autónoma de Chapingo   Préstamo interno   Publicaciones seriadas Biblioteca Central Biblioteca Central Planta baja - Hemeroteca 17/12/2012 ISSUE   202997 31/12/2019 v. 110 n. 2 ( 2006) 17/12/2012 Publicaciones seriadas Recien adquirido
    Clasificación Universidad Autónoma de Chapingo   Préstamo interno   Publicaciones seriadas Biblioteca Central Biblioteca Central Planta baja - Hemeroteca 17/12/2012 ISSUE   202998 31/12/2019 v. 110 n. 3 ( 2006) 17/12/2012 Publicaciones seriadas Recien adquirido
    Clasificación Universidad Autónoma de Chapingo   Préstamo interno   Publicaciones seriadas Biblioteca Central Biblioteca Central Planta baja - Hemeroteca 17/12/2012 ISSUE   202999 31/12/2019 v. 111 n. 1 ( 2006) 17/12/2012 Publicaciones seriadas Recien adquirido
    Clasificación Universidad Autónoma de Chapingo   Préstamo interno   Publicaciones seriadas Biblioteca Central Biblioteca Central Planta baja - Hemeroteca 17/12/2012 ISSUE   203000 31/12/2019 v. 111 n. 2 ( 2006) 17/12/2012 Publicaciones seriadas Recien adquirido
    Clasificación Universidad Autónoma de Chapingo   Préstamo interno   Publicaciones seriadas Biblioteca Central Biblioteca Central Planta baja - Hemeroteca 17/12/2012 ISSUE   203001 31/12/2019 v. 111 n. 3 ( 2006) 17/12/2012 Publicaciones seriadas Recien adquirido
    Clasificación Universidad Autónoma de Chapingo   Préstamo interno   Publicaciones seriadas Biblioteca Central Biblioteca Central Planta baja - Hemeroteca 17/12/2012 ISSUE   203002 31/12/2019 v. 112 n. 1 ( 2006) 17/12/2012 Publicaciones seriadas Recien adquirido
    Clasificación Universidad Autónoma de Chapingo   Préstamo interno   Publicaciones seriadas Biblioteca Central Biblioteca Central Planta baja - Hemeroteca 17/12/2012 ISSUE   203003 31/12/2019 v. 112 n. 2 ( 2006) 17/12/2012 Publicaciones seriadas Recien adquirido
    Clasificación Universidad Autónoma de Chapingo   Préstamo interno   Publicaciones seriadas Biblioteca Central Biblioteca Central Planta baja - Hemeroteca 17/12/2012 ISSUE   203004 31/12/2019 v. 112 n. 3 ( 2006) 17/12/2012 Publicaciones seriadas Recien adquirido
    Clasificación Universidad Autónoma de Chapingo   Préstamo interno   Publicaciones seriadas Biblioteca Central Biblioteca Central Planta baja - Hemeroteca 17/12/2012 ISSUE   203032 31/12/2019 v. 113 n. 1 ( 2006) 17/12/2012 Publicaciones seriadas Recien adquirido
    Clasificación Universidad Autónoma de Chapingo   Préstamo interno   Publicaciones seriadas Biblioteca Central Biblioteca Central Planta baja - Hemeroteca 17/12/2012 ISSUE   203033 31/12/2019 v. 113 n. 2 ( 2006) 17/12/2012 Publicaciones seriadas Recien adquirido
    Clasificación Universidad Autónoma de Chapingo   Préstamo interno   Publicaciones seriadas Biblioteca Central Biblioteca Central Planta baja - Hemeroteca 17/12/2012 ISSUE   203034 31/12/2019 v. 113 n. 3 ( 2006) 17/12/2012 Publicaciones seriadas Recien adquirido
    Clasificación Universidad Autónoma de Chapingo   Préstamo interno   Publicaciones seriadas Biblioteca Central Biblioteca Central Planta baja - Hemeroteca 17/12/2012 ISSUE   203035 31/12/2019 v. 114 n. 1 ( 2006) 17/12/2012 Publicaciones seriadas Recien adquirido
    Clasificación Universidad Autónoma de Chapingo   Préstamo interno   Publicaciones seriadas Biblioteca Central Biblioteca Central Planta baja - Hemeroteca 17/12/2012 ISSUE   203036 31/12/2019 v. 114 n. 2 ( 2006) 17/12/2012 Publicaciones seriadas Recien adquirido
    Clasificación Universidad Autónoma de Chapingo   Préstamo interno   Publicaciones seriadas Biblioteca Central Biblioteca Central Planta baja - Hemeroteca 17/12/2012 ISSUE   203037 31/12/2019 v. 114 n. 3 ( 2006) 17/12/2012 Publicaciones seriadas Recien adquirido
    Clasificación Universidad Autónoma de Chapingo   Préstamo interno   Publicaciones seriadas Biblioteca Central Biblioteca Central Planta baja - Hemeroteca 17/12/2012 ISSUE   203038 31/12/2019 v. 115 n. 1 ( 2006) 17/12/2012 Publicaciones seriadas Recien adquirido
    Clasificación Universidad Autónoma de Chapingo   Préstamo interno   Publicaciones seriadas Biblioteca Central Biblioteca Central Planta baja - Hemeroteca 17/12/2012 ISSUE   203039 31/12/2019 v. 115 n. 2 ( 2006) 17/12/2012 Publicaciones seriadas Recien adquirido
    Clasificación Universidad Autónoma de Chapingo   Préstamo interno   Publicaciones seriadas Biblioteca Central Biblioteca Central Planta baja - Hemeroteca 17/12/2012 ISSUE   203040 31/12/2019 v. 115 n. 3 ( 2006) 17/12/2012 Publicaciones seriadas Recien adquirido
    Clasificación Universidad Autónoma de Chapingo   Préstamo interno   Publicaciones seriadas Biblioteca Central Biblioteca Central Planta baja - Hemeroteca 17/12/2012 ISSUE   203041 31/12/2019 v. 116 n. 1 ( 2006) 17/12/2012 Publicaciones seriadas Recien adquirido
    Clasificación Universidad Autónoma de Chapingo   Préstamo interno   Publicaciones seriadas Biblioteca Central Biblioteca Central Planta baja - Hemeroteca 17/12/2012 ISSUE   203042 31/12/2019 v. 116 n. 2 ( 2006) 17/12/2012 Publicaciones seriadas Recien adquirido
    Clasificación Universidad Autónoma de Chapingo   Préstamo interno   Publicaciones seriadas Biblioteca Central Biblioteca Central Planta baja - Hemeroteca 17/12/2012 ISSUE   203043 31/12/2019 v. 116 n. 3 ( 2007) 17/12/2012 Publicaciones seriadas Recien adquirido
    Clasificación Universidad Autónoma de Chapingo   Préstamo interno   Publicaciones seriadas Biblioteca Central Biblioteca Central Planta baja - Hemeroteca 17/12/2012 ISSUE   203044 31/12/2019 v. 117 n. 1 ( 2007) 17/12/2012 Publicaciones seriadas Recien adquirido
    Clasificación Universidad Autónoma de Chapingo   Préstamo interno   Publicaciones seriadas Biblioteca Central Biblioteca Central Planta baja - Hemeroteca 17/12/2012 ISSUE   203045 31/12/2019 v. 117 n. 2 ( 2007) 17/12/2012 Publicaciones seriadas Recien adquirido
    Clasificación Universidad Autónoma de Chapingo   Préstamo interno   Publicaciones seriadas Biblioteca Central Biblioteca Central Planta baja - Hemeroteca 17/12/2012 ISSUE   203046 31/12/2019 v. 117 n. 3 ( 2007) 17/12/2012 Publicaciones seriadas Recien adquirido
    Clasificación Universidad Autónoma de Chapingo   Préstamo interno   Publicaciones seriadas Biblioteca Central Biblioteca Central Planta baja - Hemeroteca 17/12/2012 ISSUE   203047 31/12/2019 v. 118 n. 1 ( 2008) 17/12/2012 Publicaciones seriadas Recien adquirido
    Clasificación Universidad Autónoma de Chapingo   Préstamo interno   Publicaciones seriadas Biblioteca Central Biblioteca Central Planta baja - Hemeroteca 17/12/2012 ISSUE   203048 31/12/2019 v. 118 n. 2 ( 2008) 17/12/2012 Publicaciones seriadas Recien adquirido
    Clasificación Universidad Autónoma de Chapingo   Préstamo interno   Publicaciones seriadas Biblioteca Central Biblioteca Central Planta baja - Hemeroteca 17/12/2012 ISSUE   203049 31/12/2019 v. 119 n. 1 ( 2008) 17/12/2012 Publicaciones seriadas Recien adquirido
    Clasificación Universidad Autónoma de Chapingo   Préstamo interno   Publicaciones seriadas Biblioteca Central Biblioteca Central Planta baja - Hemeroteca 17/12/2012 ISSUE   203050 31/12/2019 v. 119 n. 2 ( 2008) 17/12/2012 Publicaciones seriadas Recien adquirido
    Clasificación Universidad Autónoma de Chapingo   Préstamo interno   Publicaciones seriadas Biblioteca Central Biblioteca Central Planta baja - Hemeroteca 17/12/2012 ISSUE   203051 31/12/2019 v. 119 n. 3 ( 2008) 17/12/2012 Publicaciones seriadas Recien adquirido
    Clasificación Universidad Autónoma de Chapingo   Préstamo interno   Publicaciones seriadas Biblioteca Central Biblioteca Central Planta baja - Hemeroteca 17/12/2012 ISSUE   203052 31/12/2019 v. 118 n. 3 ( 2008) 17/12/2012 Publicaciones seriadas Recien adquirido
    Clasificación Universidad Autónoma de Chapingo   Préstamo interno   Publicaciones seriadas Biblioteca Central Biblioteca Central Planta baja - Hemeroteca 17/12/2012 ISSUE   203053 31/12/2019 v. 122 n. 1 ( 2009) 17/12/2012 Publicaciones seriadas Recien adquirido
    Clasificación Universidad Autónoma de Chapingo   Préstamo interno   Publicaciones seriadas Biblioteca Central Biblioteca Central Planta baja - Hemeroteca 17/12/2012 ISSUE   203214 31/12/2019 v. 120 n. 3 ( 2009) 17/12/2012 Publicaciones seriadas Recien adquirido
    Clasificación Universidad Autónoma de Chapingo   Préstamo interno   Publicaciones seriadas Biblioteca Central Biblioteca Central Planta baja - Hemeroteca 17/12/2012 ISSUE   203215 31/12/2019 v. 121 n. 1 ( 2009) 17/12/2012 Publicaciones seriadas Recien adquirido
    Clasificación Universidad Autónoma de Chapingo   Préstamo interno   Publicaciones seriadas Biblioteca Central Biblioteca Central Planta baja - Hemeroteca 17/12/2012 ISSUE   203216 31/12/2019 v. 121 n. 2 ( 2009) 17/12/2012 Publicaciones seriadas Recien adquirido
    Clasificación Universidad Autónoma de Chapingo   Préstamo interno   Publicaciones seriadas Biblioteca Central Biblioteca Central Planta baja - Hemeroteca 17/12/2012 ISSUE   203217 31/12/2019 v. 120 n. 1 ( 2009) 17/12/2012 Publicaciones seriadas Recien adquirido
    Clasificación Universidad Autónoma de Chapingo   Préstamo interno   Publicaciones seriadas Biblioteca Central Biblioteca Central Planta baja - Hemeroteca 17/12/2012 ISSUE   203218 31/12/2019 v. 121 n. 3 ( 2009) 17/12/2012 Publicaciones seriadas Recien adquirido
    Clasificación Universidad Autónoma de Chapingo   Préstamo interno   Publicaciones seriadas Biblioteca Central Biblioteca Central Planta baja - Hemeroteca 17/12/2012 ISSUE   203219 31/12/2019 v. 122 n. 2 ( 2009) 17/12/2012 Publicaciones seriadas Recien adquirido
    Clasificación Universidad Autónoma de Chapingo   Préstamo interno   Publicaciones seriadas Biblioteca Central Biblioteca Central Planta baja - Hemeroteca 17/12/2012 ISSUE   203220 31/12/2019 v. 120 n. 2 ( 2009) 17/12/2012 Publicaciones seriadas Recien adquirido
    Clasificación Universidad Autónoma de Chapingo   Préstamo interno   Publicaciones seriadas Biblioteca Central Biblioteca Central Planta baja - Hemeroteca 17/12/2012 ISSUE   203221 31/12/2019 v. 122 n. 3 ( 2009) 17/12/2012 Publicaciones seriadas Recien adquirido
    Clasificación Universidad Autónoma de Chapingo   Préstamo interno   Publicaciones seriadas Biblioteca Central Biblioteca Central Planta baja - Hemeroteca 17/12/2012 ISSUE   203222 31/12/2019 v. 123 n. 1 ( 2009) 17/12/2012 Publicaciones seriadas Recien adquirido
    Clasificación Universidad Autónoma de Chapingo   Préstamo interno   Publicaciones seriadas Biblioteca Central Biblioteca Central Planta baja - Hemeroteca 17/12/2012 ISSUE   203267 31/12/2019 v. 123 n. 2 ( 2009) 17/12/2012 Publicaciones seriadas Recien adquirido
    Clasificación Universidad Autónoma de Chapingo   Préstamo interno   Publicaciones seriadas Biblioteca Central Biblioteca Central Planta baja - Hemeroteca 17/12/2012 ISSUE   203268 31/12/2019 v. 123 n. 3 ( 2009) 17/12/2012 Publicaciones seriadas Recien adquirido
    Clasificación Universidad Autónoma de Chapingo   Préstamo interno   Publicaciones seriadas Biblioteca Central Biblioteca Central Planta baja - Hemeroteca 17/12/2012 ISSUE   203476 31/12/2019 v. 124 n. 1 ( 2009) 17/12/2012 Publicaciones seriadas Recien adquirido
    Clasificación Universidad Autónoma de Chapingo   Préstamo interno   Publicaciones seriadas Biblioteca Central Biblioteca Central Planta baja - Hemeroteca 17/12/2012 ISSUE   203477 31/12/2019 v. 124 n. 2 ( 2009) 17/12/2012 Publicaciones seriadas Recien adquirido
    Clasificación Universidad Autónoma de Chapingo   Préstamo interno   Publicaciones seriadas Biblioteca Central Biblioteca Central Planta baja - Hemeroteca 17/12/2012 ISSUE   203478 31/12/2019 v. 124 n. 3 ( 2009) 17/12/2012 Publicaciones seriadas Recien adquirido
    Clasificación Universidad Autónoma de Chapingo   Préstamo interno   Publicaciones seriadas Biblioteca Central Biblioteca Central Planta baja - Hemeroteca 17/12/2012 ISSUE   203834 31/12/2019 v. 125 n. 1 ( 2009) 17/12/2012 Publicaciones seriadas Recien adquirido
    Clasificación Universidad Autónoma de Chapingo   Préstamo interno   Publicaciones seriadas Biblioteca Central Biblioteca Central Planta baja - Hemeroteca 17/12/2012 ISSUE   203982 31/12/2019 v. 125 n. 2 ( 2009) 17/12/2012 Publicaciones seriadas Recien adquirido
    Clasificación Universidad Autónoma de Chapingo   Préstamo interno   Publicaciones seriadas Biblioteca Central Biblioteca Central Planta baja - Hemeroteca 17/12/2012 ISSUE   203983 31/12/2019 v. 125 n. 3 ( 2009) 17/12/2012 Publicaciones seriadas Recien adquirido
    Clasificación Universidad Autónoma de Chapingo   Préstamo interno   Publicaciones seriadas Biblioteca Central Biblioteca Central Planta baja - Hemeroteca 17/12/2012 ISSUE   204915 31/12/2019 v. 126 n. 1 ( 2009) 17/12/2012 Publicaciones seriadas Recien adquirido
    Clasificación Universidad Autónoma de Chapingo   Préstamo interno   Publicaciones seriadas Biblioteca Central Biblioteca Central Planta baja - Hemeroteca 17/12/2012 ISSUE   204916 31/12/2019 v. 126 n. 2 ( 2009) 17/12/2012 Publicaciones seriadas Recien adquirido
    Clasificación Universidad Autónoma de Chapingo   Préstamo interno   Publicaciones seriadas Biblioteca Central Biblioteca Central Planta baja - Hemeroteca 17/12/2012 ISSUE   204917 31/12/2019 v. 126 n. 3 ( 2009) 17/12/2012 Publicaciones seriadas Recien adquirido